| 000 | 00394cam a2200169ua 4500 | ||
|---|---|---|---|
| 020 | _c40.00 | ||
| 041 |
_aeng _h |
||
| 082 |
_a621.815 _bNAG/MA |
||
| 100 | _aNagpal, G.R. | ||
| 245 |
_aMachine design / _cG R Nagpal. _hTextual Documents |
||
| 260 |
_aDelhi : _bKhanna publishers , _c1984. |
||
| 300 | _a728 ; . | ||
| 365 | _a40.00 | ||
| 504 | _a | ||
| 942 | _cBK | ||
| 999 |
_c9253 _d9253 |
||